Learn Portuguese body - Statistics

General Stats
  • This quiz has been taken 8 times
  • The average score is 25 of 62
Answer Stats
English Portuguese % Correct
Head Cabeça
100%
Face Rosto/cara
88%
Beard Barba
75%
Hair Cabelo
75%
Eyes Olhos
75%
Mustache Bigode
63%
Mouth Boca
63%
Arms Braços
63%
Back Costas
63%
Fingers Dedos
63%
Teeth Dentes
63%
Lips Lábios
63%
Tongue Língua
63%
Nose Nariz
63%
Shoulders Ombros
63%
Legs Pernas
63%
Feet Pés
63%
Neck Pescoço
63%
Belly Barriga
50%
Cheeks Bochecha
50%
Waist Cintura
50%
Heart Coração
50%
Knees Joelhos
50%
Hands Mãos
50%
Ear Orelha
50%
Chest Peito
50%
Wrist Pulso
50%
Forehead Testa
50%
Belly button Umbigo
50%
Forearm Antebraço
38%
Brain Cérebro
38%
Eyelashes Cílios
38%
Stomach Estômago
38%
Eyebrow Sobrancelha
38%
Uterus Útero
38%
Vagina Vagina
38%
Clavicle Clavícula
25%
Elbow Cotovelo
25%
Thigh Coxa
25%
Liver Fígado
25%
Intestines Intestino
25%
Jaw Maxilar
25%
Nape Nuca
25%
Skin Pele
25%
Penis Pênis
25%
Chin Queixo
25%
Kidneys Rins
25%
Thorax Tórax
25%
Bladder Bexiga
13%
Heel Calcanhar
13%
Ring finger Dedo anelar
13%
Index finger Dedo indicador
13%
Little finger Dedo mindinho
13%
Toes Dedos do pé
13%
Organs Órgãos
13%
Lungs Pulmões
13%
Hip Quadril
13%
Ankle Tornozelo
13%
Middle finger Dedo médio
0%
Thumbs Dedo polegar
0%
Lower limbs Membros inferiores
0%
Upper limbs Membros superiores
0%
No matching quizzes found
Score Distribution
Percent of People with Each Score
Percentile by Number Answered
Your Score History
You have not taken this quiz